Quizzes
Events
Quiz Creation
Community
Videos
Private Events
Remove Ads
Sign In
Join for FREE
Feedback
Dark Mode
Quiz Categories
Sports
Geography
Music
Movies
Television
Just For Fun
Miscellaneous
History
Literature
Language
Science
Gaming
Entertainment
Religion
Holiday
For Kids
Quiz Lab
Recent
Popular Today
Quiz Kudos Today
Editor Picks
Curator Picks
Quizzes by...
Day
Popularity
Type
Ratings
Length
Year
Community
Subscriptions
Recent Discussions
Orange Saloon
Badges
Playlists
Quests
Create
Leaderboards
Showdown
Live 5
Trivia Bingo
Activity
Puzzle Library
Sporcle Events
Private Events
Virtual Trivia
Globe League
Become a Host
Pub Owners
SporcleCon
Opinionation
Our Games
Videos
Blog
Mobile Apps
Partnerships
Remove Ads and Go Orange
Feedback
Gaming
Video Games
Board Games
Card Games
Pokémon
Mario
Nintendo
Minecraft
Console
Toys
Legend of Zelda
Gaming
Video Games
Board Games
Card Games
Pokémon
Mario
Nintendo
Minecraft
Console
Toys
Legend of Zelda
Random Quiz
Search Sporcle
×
Quiz Lab
Quiz Lab
Gaming
Spy
Type in answers that appear in a list
Type in answers that appear in a list
Classic
Best Score? Go Orange.
Team Fortress 2 Cosmetics (Support Classes) Stats
Can you name the Team Fortress 2 for Medic, Sniper, & Spy?
By
ilovededede
20m
253 Questions
2 Plays
2 Plays
2 Plays
Comments
Comments
Give Quiz Kudos
Give Quiz Kudos
-
- Ratings
hide this ad
Replay
Link that replays current quiz
Next Quiz
Link to next quiz in quiz playlist
You Got
0%
They Got
Avg Score
51%
Avg Friend Score
Upgrade to see
Score Distribution
Jump to the score distribution portion of the page
Score
0/253
Timer
20:00
0
Plays Today
Class
Cosmetic
% Correct
Medic
Blighted Beak
100%
Medic
Dr. Whoa
100%
Medic
Nunhood
100%
Medic
Chronoscarf
100%
Sniper
Trophy Belt
100%
Sniper
Cobber Chameleon
100%
Spy
Detective Noir
100%
Spy
Dr. Whoa
100%
Medic
Prussian Pickelhaube
50%
Medic
Otolaryngologist's Mirror
50%
Medic
Vintage Tyrolean
50%
Medic
Physician's Procedure Mask
50%
Medic
Gentleman's Gatsby
50%
Medic
Ze Goggles
50%
Medic
Berliner's Bucket Helm
50%
Medic
German Gonzilla
50%
Medic
Geisha Boy
50%
Medic
Grimm Hatte
50%
Medic
Medic's Mountain Cap
50%
Medic
Private Eye
50%
Medic
Doctor's Sack
50%
Medic
Team Captain
50%
Medic
Planeswalker Helm
50%
Medic
Couvre Corner
50%
Medic
Surgeon's Stahlhelm
50%
Medic
Surgeon's Stethoscope
50%
Medic
Dr. Gogglestache
50%
Medic
Einstein
50%
Medic
Emerald Jarate
50%
Medic
Nine-Pipe Problem
50%
Medic
Scrap Pack
50%
Medic
Quadwrangler
50%
Medic
Surgeon's Side Satchel
50%
Medic
Gentleman's Ushanka
50%
Medic
Archimedes
50%
Medic
Medic Mech-bag
50%
Medic
Crafty Hair
50%
Medic
Medi-Mask
50%
Medic
Combat Medic's Crusher Cap
50%
Medic
Foppish Physician
50%
Medic
Voodoo-Cursed Medic Soul
50%
Medic
Der Wintermantel
50%
Medic
Doc's Holiday
50%
Medic
Mutton Mann
50%
Medic
Wilson Weave
50%
Medic
Byte'd Beak
50%
Medic
Halogen Head Lamp
50%
Medic
Mecha-Medes
50%
Medic
Platinum Pickelhaube
50%
Medic
Practitioner's Processing Mask
50%
Medic
Steam Pipe
50%
Medic
Titanium Tyrolean
50%
Medic
Virus Doctor
50%
Medic
Weather Master
50%
Medic
Powdered Practitioner
50%
Medic
Baron von Havenaplane
50%
Medic
Das Fantzipantzen
50%
Medic
Das Feelinbeterbager
50%
Medic
Das Gutenkutteharen
50%
Medic
Das Hazmattenhatten
50%
Medic
Das Maddendoktor
50%
Medic
Das Metalmeatencasen
50%
Medic
Das Naggenvatcher
50%
Medic
Das Ubersternmann
50%
Medic
Macho Mann
50%
Medic
A Brush With Death
50%
Medic
Medical Mystery
50%
Medic
Slick Cut
50%
Medic
Ward
50%
Medic
Alternative Medicine Mann
50%
Medic
Archimedes the Undying
50%
Medic
Das Blutliebhaber
50%
Medic
Lo-Grav Loafers
50%
Medic
Medimedes
50%
Medic
Ramses' Regalia
50%
Medic
Second Opinion
50%
Medic
Shaman's Skull
50%
Medic
Surgeon's Space Suit
50%
Medic
Teutonkahmun
50%
Medic
Trepanabotomizer
50%
Medic
Vicar's Vestments
50%
Medic
Angel of Death
50%
Medic
Mann of Reason
50%
Medic
Ruffled Ruprecht
50%
Medic
Colonel's Coat
50%
Class
Cosmetic
% Correct
Medic
Dough Puncher
50%
Medic
Fashionable Megalomaniac
50%
Medic
Gaiter Guards
50%
Medic
Heat of Winter
50%
Medic
Heer's Helmet
50%
Medic
Mustachioed Mann
50%
Medic
Smock Surgeon
50%
Medic
Teutonic Toque
50%
Medic
Medicine Manpurse
50%
Medic
Ze Ubermensch
50%
Medic
Pocket Heavy
50%
Medic
Hundkopf
50%
Medic
Herzensbrecher
50%
Medic
Kriegsmaschine-9000
50%
Medic
Templar's Spirit
50%
Medic
Vampire Makeover
50%
Medic
Vampiric Vesture
50%
Medic
Wings of Purity
50%
Sniper
Master's Yellow Belt
50%
Sniper
Professional's Panama
50%
Sniper
Ritzy Rick's Hair Fixative
50%
Sniper
Shooter's Sola Topi
50%
Sniper
Bloke's Bucket Hat
50%
Sniper
Ol' Snaggletooth
50%
Sniper
Larrikin Robin
50%
Sniper
Crocleather Slouch
50%
Sniper
Villain's Veil
50%
Sniper
Desert Marauder
50%
Sniper
Anger
50%
Sniper
Sniper's Snipin' Glass
50%
Sniper
Crocodile Smile
50%
Sniper
Swagman's Swatter
50%
Sniper
Your Worst Nightmare
50%
Sniper
Garlic Flank Stake
50%
Sniper
Holy Hunter
50%
Sniper
Silver Bullets
50%
Sniper
Itsy Bitsy Spyer
50%
Sniper
Outback Intellectual
50%
Sniper
Bushman's Boonie
50%
Sniper
Teufort Tooth Kicker
50%
Sniper
Fruit Shoot
50%
Sniper
Flamingo Kid
50%
Sniper
Doublecross-Comm
50%
Sniper
Liquidator's Lid
50%
Sniper
Lone Star
50%
Sniper
Champ Stamp
50%
Sniper
Triad Trinket
50%
Sniper
Bolted Bushman
50%
Sniper
Koala Compact
50%
Sniper
Stovepipe Sniper Shako
50%
Sniper
Sir Hootsalot
50%
Sniper
Voodoo-Cursed Sniper Soul
50%
Sniper
Deadliest Duckling
50%
Sniper
Cold Killer
50%
Sniper
Mutton Mann
50%
Sniper
Steel Songbird
50%
Sniper
Sydney Straw Boat
50%
Sniper
Bloodhound
50%
Sniper
Letch's LED
50%
Sniper
Shooter's Tin Topi
50%
Sniper
Soldered Sensei
50%
Sniper
Dual-Core Devil Doll
50%
Sniper
Well-Rounded Rifleman
50%
Sniper
Birdman of Australiacatraz
50%
Sniper
Falconer
50%
Sniper
Wet Works
50%
Sniper
Macho Mann
50%
Sniper
Brim-Full of Bullets
50%
Sniper
Chronomancer
50%
Sniper
Li'l Snaggletooth
50%
Sniper
Carious Chameleon
50%
Sniper
Hallowed Headcase
50%
Sniper
Sir Shootsalot
50%
Sniper
Snaggletoothed Stetson
50%
Sniper
Randolph the Blood-Nosed Caribou
50%
Sniper
Smissmas Caribou
50%
Sniper
Extra Layer
50%
Sniper
Five-Month Shadow
50%
Sniper
Golden Garment
50%
Sniper
Snow Scoper
50%
Sniper
Toy Soldier
50%
Sniper
Archers Groundings
50%
Sniper
Huntsman's Essentials
50%
Sniper
Toowoomba Tunic
50%
Sniper
Deep Cover Operator
50%
Class
Cosmetic
% Correct
Sniper
Criminal Cloak
50%
Sniper
Dread Hiding Hood
50%
Sniper
Scoper's Smoke
50%
Sniper
Triggerman's Tacticals
50%
Sniper
Poacher's Safari Jacket
50%
Sniper
Hillbilly Speed-Bump
50%
Sniper
Cranial Conspiracy
50%
Sniper
Kanga Kickers
50%
Sniper
Marsupial Man
50%
Sniper
Marsupial Muzzle
50%
Sniper
Mr. Mundee's Wild Ride
50%
Sniper
Roo Rippers
50%
Sniper
Scaly Scrapers
50%
Spy
Fancy Fedora
50%
Spy
Backbiter's Billycock
50%
Spy
Camera Beard
50%
Spy
Magistrate's Mullet
50%
Spy
Frenchman's Beret
50%
Spy
Familiar Fez
50%
Spy
Le Party Phantom
50%
Spy
Noh Mercy
50%
Spy
Charmer's Chapeau
50%
Spy
Private Eye
50%
Spy
Janissary Ketche
50%
Spy
Cosa Nostra Cap
50%
Spy
Made Man
50%
Spy
Rogue's Col Roule
50%
Spy
Nanobalaclava
50%
Spy
Counterfeit Billycock
50%
Spy
L'Inspecteur
50%
Spy
Spectre's Spectacles
50%
Spy
Griffin's Gog
50%
Spy
Intangible Ascot
50%
Spy
Under Cover
50%
Spy
Dashin' Hashshashin
50%
Spy
Doublecross-Comm
50%
Spy
Sneaky Spats of Sneaking
50%
Spy
Business Casual
50%
Spy
Triad Trinket
50%
Spy
Ninja Cowl
50%
Spy
Stealth Steeler
50%
Spy
Hat of Cards
50%
Spy
Distinguished Rogue
50%
Spy
Lacking Moral Fiber Mask
50%
Spy
Exorcizor
50%
Spy
Scarecrow
50%
Spy
Voodoo-Cursed Spy Soul
50%
Spy
Cut Throat Concierge
50%
Spy
Dapper Disguise
50%
Spy
Bloodhound
50%
Spy
Base Metal Billycock
50%
Spy
Bootleg Base Metal Billycock
50%
Spy
Megapixel Beard
50%
Spy
Pom-Pommed Provocateur
50%
Spy
After Dark
50%
Spy
Belgian Detective
50%
Spy
Blood Banker
50%
Spy
Harmburg
50%
Spy
Rogue's Brogues
50%
Spy
Macho Mann
50%
Spy
Escapist
50%
Spy
Frenchman's Formals
50%
Spy
L'homme Burglerre
50%
Spy
Bountiful Bow
50%
Spy
Bozo's Brogues
50%
Spy
Candyman's Cap
50%
Spy
Foul Cowl
50%
Spy
Hyperbaric Bowler
50%
Spy
Ethereal Hood
50%
Spy
Dead of Night
50%
Spy
Backstabber's Boomslang
50%
Spy
Napoleon Complex
50%
Spy
Deep Cover Operator
50%
Spy
Au Courant Assassin
50%
Spy
Aviator Assassin
50%
Spy
Rogue's Robe
50%
Spy
Sky Captain
50%
Spy
Spycrab
50%
Spy
Lady Killer
50%
Spy
Facepeeler
50%
Spy
Nightmare Hunter
50%
Spy
Rogue's Rabbit
50%
Spy
Shadowman's Shade
50%
Quiz Playlist
Details
Report
Send in Message
Add To Playlist
Classic:
Type in answers that appear in a list
Last Updated: Feb 16, 2017
Quiz Scoreboard
CHALLENGE
Sign Up to Join the Scoreboard
Show All
Scores
Hide
Comments
May contain spoilers
Recently Published
TV Characters by Other Roles V
by ghcgh
Television
5m
Decade Duel: World Leaders
by jenniferyan
History
4m
Alphabetical 'K' Countries by Flag Minefield
by ylime102
Geography
3m
More to Explore
Quiz From the Vault
Featured Blog Post
15 Basketball Trivia Facts You Can Be March Mad About
hide this ad
You Might Also Like...
Tags
class
cosmetic
fortress
Sniper
Spy
support
team
Team Fortress
Today's Top Quizzes in Gaming
Browse Gaming
hide this ad
Today's Top Quizzes in Spy
Browse Spy
Top Contributed Quizzes in Gaming
1
Pokémon Gen IV Logic Puzzle (HARD)
2
HARD Pokemon Logic Puzzle
3
Rainbow Six Siege Operators by Picture
4
Genshin Impact Logic Puzzle
5
Order Genshin Impact characters by release date!
6
Honkai: Star Rail Technique Names Quiz
7
The Slinky Quiz
8
Persona 4 & 5 Social Link / Confidant Minefield
9
Mega Man or Metal Gear
10
Magic: the Gathering Set Symbols - LCI
Explore More
Trending Topics
Crossword
Harry Potter
Disney
Marvel
Kpop
Anime
NBA
The Office
Country
Pokémon
Soccer
WWE
NFL
Puzzle
Song
hide this ad
More By:
ilovededede
Quiz
Plays
Rating
Category
Featured
Created
158 Largest British Columbia Cities
1,390
5.00
Geography
Oct 26, 2013
Mario Kart 8 (Deluxe) Ultimate Quiz
1,182
4.14
Gaming
May 3, 2014
U.S. Cites Over 100k
758
4.83
Geography
Mar 1, 2015
6 Largest Cities of Each U.S. State
740
4.00
Geography
Mar 23, 2015
Super Smash Bros. Melee Tier List
657
1.63
Gaming
May 11, 2014
Go to Creator's Profile
Score Distribution
Quiz Creator Spotlight
ilovededede
Follow
Send a Message
Quizzes Created
-
Created Quiz Play Count
-
More By This Creator
Popular Quizzes Today
1
Countries of Asia Without Outlines Minefield
2
Find the US States - No Outlines Minefield
3
Pick 6: Fruits
4
The Countries of the World
5
Find the Countries of Europe - No Outlines Minefield
6
Alphabetical 'K' Countries by Flag Minefield
7
US States
8
Find the US States
More Gaming Quizzes
Fire Emblem Heroes Halloween Heroes
Curator's Pick
Trending Quizzes
Pick 6: Mountains
Pick 6: Harry Potter
Pick 6: Flags
Pick 6: NFL Teams
C Names for Actors
Recently Updated
Adaptations: Name the Title
pecheneg
NWSL Teams
pecheneg
Women's Final Four Teams by Year
bhenderson79
Presidents Quartet II
eogle
Anything But Clue(do)
eogle
Anything But Oceanian Capitals
eogle
Anything But 7
eogle
Anything But Thing
eogle
Word Ladder: February 29
pecheneg
Song Title Questions
pecheneg
Trending Topics
Disney
Marvel
Crossword
NBA
Harry Potter
Anime
Kpop
NFL
WWE
Soccer
The Office
Puzzle
Country
Pokémon
Song
Your Account Isn't Verified!
In order to create a playlist on Sporcle, you need to verify the email address you used during registration. Go to your
Sporcle Settings
to finish the process.
Report this User
Report this user for behavior that violates our
Community Guidelines
.
Details:
Send Report
Go to the Sporcle.com Mobile Site →
Comments